BIBLIOTECA

SENCICO

Geographic Information Systems : Applications in Forestry and Natural Resources Management (Registro nro. 556)

Detalles MARC
000 -LEADER
fixed length control field 00755nam a2200277Ia 4500
005 - DATE AND TIME OF LATEST TRANSACTION
control field 20251020182441.0
008 - FIXED-LENGTH DATA ELEMENTS--GENERAL INFORMATION
fixed length control field 200515s9999 xx 000 0 und d
020 ## - INTERNATIONAL STANDARD BOOK NUMBER
International Standard Book Number 10: 0-07-256242-0
082 ## - DEWEY DECIMAL CLASSIFICATION NUMBER
Classification number 528.775/B41
100 ## - MAIN ENTRY--PERSONAL NAME
Personal name Bettinger, Pete
100 ## - MAIN ENTRY--PERSONAL NAME
Personal name Wing, Michael G.
245 #0 - TITLE STATEMENT
Title Geographic Information Systems : Applications in Forestry and Natural Resources Management
260 ## - PUBLICATION, DISTRIBUTION, ETC.
Place of publication, distribution, etc. Boston
260 ## - PUBLICATION, DISTRIBUTION, ETC.
Name of publisher, distributor, etc. McGRAW-HILL Higher Education
260 ## - PUBLICATION, DISTRIBUTION, ETC.
Date of publication, distribution, etc. 2004
300 ## - PHYSICAL DESCRIPTION
Extent 230 p.
300 ## - PHYSICAL DESCRIPTION
Other physical details il., tbl., graf., map.
500 ## - GENERAL NOTE
General note 1 ejemplar
520 ## - SUMMARY, ETC.
Summary, etc. Idioma Inglés
650 ## - SUBJECT ADDED ENTRY--TOPICAL TERM
Topical term or geographic name entry element BOSQUES
650 ## - SUBJECT ADDED ENTRY--TOPICAL TERM
Topical term or geographic name entry element SENSORES REMOTOS
650 ## - SUBJECT ADDED ENTRY--TOPICAL TERM
Topical term or geographic name entry element SILVICULTURA
650 ## - SUBJECT ADDED ENTRY--TOPICAL TERM
Topical term or geographic name entry element SISTEMAS DE INFORMACION GEOGRAFICA
942 ## - ADDED ENTRY ELEMENTS (KOHA)
Koha item type Libros
Existencias
Fecha de la última vez que lo usaron Pago total Signatura topográfica completa Código de barras Precio efectivo desde Tipo de documento Estado perdido Estado dañado No es para préstamo Retirado Ubicación permanente Ubicación actual Fecha de adquisición
15/05/2020   528.775/B41 Bib-Lima15050556 15/05/2020 Libros         Biblioteca Central Lima Biblioteca Central Lima 15/05/2020